000 00538cam a22001935a 4500
001 L141443
008 071126s1976 xxk f 000 0ceng d
035 _a(Sirsi) u141443
041 0 _aeng
050 0 4 _a920 $2 18
110 2 _aWilliam H. Brown and Son
_91016
245 0 4 _aThe history of William H. Brown & Son
_b1896-1976
260 _a[Great Britain]
_bs.n.
_c[1976]
300 _a[8] p.
_c23 cm.
520 _aA history of the firm of William H. Brown & Son.
651 4 _aUnited Kingdom
_y
690 _aPROPERTY
942 _n0
999 _c107666
_d107666